[Event "Bois Gentil op"]
[Site "Geneve"]
[Date "2014.01.10"]
[Round "1"]
[White "Pecorini, Anthony"]
[Black "Degove, Christophe"]
[Result "1/2-1/2"]
[WhiteElo "1508"]
[BlackElo "1850"]
[PlyCount "111"]
[EventDate "2014.01.10"]
[EventType "swiss"]
[EventRounds "7"]
[EventCountry "SUI"]
[SourceTitle "CBM 158 Extra"]
[Source "ChessBase"]
[SourceDate "2014.02.28"]
[SourceVersion "1"]
[SourceVersionDate "2014.02.28"]
[SourceQuality "1"]

1. c4 e6 2. Nc3 c5 3. g3 Nc6 4. Bg2 Nf6 5. e4 g6 6. Nge2 Bg7 7. d3 0-0 8. 0-0 d6 9. a3 a6 10. Rb1 Qc7 11. b4 Nd7 12. Be3 Nd4 13. bxc5 dxc5 14. Nxd4 cxd4 15. Bf4 Qa5 16. Na4 e5 17. Bd2 Qc7 18. f4 Rb8 19. fxe5 Bxe5 20. Bf4 Nf6 21. Bxe5 Qxe5 22. Qf3 Ng4 23. Qf4 b5 24. Qxe5 Nxe5 25. Nc5 Ng4 26. cxb5 axb5 27. a4 Ne3 28. Rfc1 b4 29. a5 f5 30. a6 Nxg2 31. Kxg2 fxe4 32. dxe4 Rd8 33. a7 Ra8 34. Rxb4 Rxa7 35. Rd1 Ra2+ 36. Kg1 Rc2 37. Nb3 d3 38. Rd4 Rxd4 39. Nxd4 Bg4 40. Rxd3 Rc1+ 41. Kf2 Rh1 42. Kg2 Re1 43. h3 Bc8 44. Nc6 Kf7 45. Kf3 Bxh3 46. Re3 Rf1+ 47. Ke2 Rg1 48. Kf2 Rg2+ 49. Kf3 g5 50. e5 Rc2 51. Nd4 Rc1 52. g4 h5 53. e6+ Ke8 54. gxh5 Rf1+ 55. Kg3 Rh1 56. h6 1/2-1/2

[Event "SUI-ch U10"]
[Site "St Ursanne"]
[Date "2011.07.01"]
[Round "4"]
[White "Pecorini, Anthony"]
[Black "Zaza, Alexandre"]
[Result "0-1"]
[WhiteElo "1432"]
[BlackElo "1396"]
[PlyCount "62"]
[EventDate "2011.06.30"]
[EventType "tourn"]
[EventRounds "7"]
[EventCountry "SUI"]
[SourceTitle "EXT 2012"]
[Source "ChessBase"]
[SourceDate "2011.11.24"]
[SourceVersion "1"]
[SourceVersionDate "2011.11.24"]
[SourceQuality "1"]

1. d4 d5 2. c4 e6 3. Nc3 Nf6 4. Nf3 Bb4 5. Bg5 h6 6. Bh4 g5 7. Qa4+ Nc6 8. Ne5 Bd7 9. Nxc6 Bxc3+ 10. bxc3 Bxc6 11. Qb4 gxh4 12. cxd5 Bxd5 13. f3 Rg8 14. e4 Bc6 15. c4 Qxd4 16. Rd1 Qb6 17. Qd2 Nd7 18. f4 0-0-0 19. Qc3 Bxe4 20. Rc1 Bxg2 21. c5 Qc6 22. Qa5 Bxh1 23. Qxa7 Qe4+ 24. Be2 Rg1+ 25. Kd2 Nf6+ 26. Kc3 Rxc1+ 27. Kb2 Qc2+ 28. Ka3 Qc3+ 29. Ka4 Rd4+ 30. Bc4 Rxc4+ 31. Kb5 Qb4# 0-1